Statistics for NBA Year in Review: 2017–18

Click here to take the quiz!

General Stats

  • This quiz has been taken 52 times
  • The average score is 8 of 14

Answer Stats

HintAnswer% Correct
Points Per Game LeaderJames Harden
96%
Most Valuable PlayerJames Harden
96%
All-Star Game MVPLeBron James
96%
Finals MVPKevin Durant
92%
Assists Per Game LeaderRussell Westbrook
92%
Triple-Doubles LeaderRussell Westbrook
92%
Defensive Player of the YearRudy Gobert
75%
Rookie of the YearBen Simmons
54%
Sixth Man of the YearLou Williams
42%
Blocks Per Game LeaderAnthony Davis
38%
Rebounds Per Game LeaderAndre Drummond
33%
Coach of the YearDwane Casey
13%
Most Improved PlayerVictor Oladipo
10%
Steals Per Game LeaderVictor Oladipo
10%

Score Distribution

Percentile by Number Answered

Percent of People with Each Score

Your Score History

You have not taken this quiz